| Tag |
First Indicator |
Second Indicator |
Subfields |
| LEADER |
00000cam a2200000 4500 |
| 001 |
in00000709521 |
| 005 |
20161207142436.0 |
| 008 |
740211s1951 mau 00001 eng u |
| 010 |
|
|
|a 51012443
|
| 035 |
|
|
|a (OCoLC)00795231
|
| 035 |
|
|
|9 ADD9220AM
|
| 040 |
|
|
|c YMM
|d TXA
|d UtOrBLW
|
| 049 |
|
|
|a TXAM
|c [639245]
|
| 050 |
0 |
0 |
|a PZ3.D37613
|b Rc
|a PR9199.3.D42
|
| 090 |
|
|
|a PR9199.3.D42
|b R46 1951
|
| 100 |
1 |
|
|a De la Roche, Mazo,
|d 1879-1961.
|
| 245 |
1 |
0 |
|a Renny's daughter.
|
| 250 |
|
|
|a [1st ed.].
|
| 264 |
|
1 |
|a Boston :
|b Little, Brown,
|c 1951.
|
| 300 |
|
|
|a 376 pages ;
|c 20 cm.
|
| 336 |
|
|
|a text
|b txt
|2 rdacontent
|
| 337 |
|
|
|a unmediated
|b n
|2 rdamedia
|
| 338 |
|
|
|a volume
|b nc
|2 rdacarrier
|
| 490 |
0 |
|
|a An Atlantic monthly press book
|
| 500 |
|
|
|a "Whiteoak edition."
|
| 999 |
|
|
|a MARS
|
| 999 |
f |
f |
|s cbe0f0f2-3ebf-33b9-8cff-4b0d196b0024
|i d745d463-5548-358e-b536-63190cb56a11
|t 0
|
| 952 |
f |
f |
|p ric
|a Texas A&M University
|b Rellis Campus
|c Joint Library Facility
|d Remote Storage
|t 0
|e PR9199.3.D42 R46 1951
|h Library of Congress classification
|i unmediated -- volume
|m A14804219446
|
| 998 |
f |
f |
|a PR9199.3.D42 R46 1951
|t 0
|l Remote Storage
|